000 00677nam a2200169 4500
999 _c17110
_d17110
008 220602b ||||| |||| 00| 0 eng d
022 _a0732-8435
082 _aDPer 657.05 C33 Sept - Dec 2012, v. 82 n. 9 - 12
100 _aBarnet, Robert S.
_945473
245 _aLifetime credit shelter trusts:
_butilizing the estate and gift tax exemption before it's too late/
_cRobert S. Barnet and Rebecca K. Richards.
260 _aNew York:
_bThe New York State Society of CPA,
_c©2012.
300 _av82 n12, page 56-58:
_b illustrations:
_c28 cm.
500 _aThe CPA Journal.
650 _aTaxation.
_945474
700 _aRichards, Rebecca K.
_eAuthor.
_945475
942 _2ddc
_cPER